Récits & contes populaires du Poitou /

Saved in:
Bibliographic Details
Other Authors: Robert, Catherine, 1956-, Valière, Michel, 1941-
Format: Book
Language:French
Published: [Paris] : Gallimard, c1979-
Series:Récits et contes populaires
Subjects:
Tags: Add Tag
No Tags, Be the first to tag this record!
LEADER 01093nam a2200313 a 4500
001 001097463-6
005 20020606090541.3
008 830201m19799999fr a b 00000 fre
010 |a  82159474  
035 0 |a ocm06370114 
035 0 |a ocm09281616 
040 |a DLC  |c DLC 
043 |a e-fr--- 
050 0 0 |a GR162.P62  |b R4 1979 
245 0 0 |a Récits & contes populaires du Poitou /  |c recueillis par Catherine Robert et Michel Valière dans le Poitou méridional. 
246 3 |a Récits et contes populaires du Poitou. 
260 0 |a [Paris] :  |b Gallimard,  |c c1979- 
300 |a v. :  |b ill. ;  |c 20 cm. 
490 0 |a Récits et contes populaires 
504 |a Bibliography: v. 1, p. 173. 
650 0 |a Folklore  |z France  |z Poitou. 
650 0 |a Tales  |z France  |z Poitou. 
650 0 |a Legends  |z France  |z Poitou. 
651 0 |a Poitou (France)  |x Social life and customs. 
700 1 |a Robert, Catherine,  |d 1956- 
700 1 |a Valière, Michel,  |d 1941- 
776 0 8 |i Online version:  |t Récits & contes populaires du Poitou.  |d [Paris] : Gallimard, ©1979-  |w (OCoLC)555754594 
988 |a 20020608 
906 |0 DLC